Η ελληνική οικονομία 19ος-20ος αιώνας : από τον αγώνα της ανεξαρτησίας στην οικονομική και νομισματική ένωση της Ευρώπης

Αποθηκεύτηκε σε:
Λεπτομέρειες βιβλιογραφικής εγγραφής
Κύριος συγγραφέας: Φραγκιάδης, Αλέξης
Μορφή: Βιβλίο
Γλώσσα:Greek
Δημοσίευση: Αθήνα : Νεφέλη, 2007
Σειρά:Προβλήματα της νεοελληνικής ιστορίας (Νεφέλη)
Θέματα:
Ετικέτες: Προσθήκη ετικέτας
Δεν υπάρχουν, Καταχωρήστε ετικέτα πρώτοι!

MARC

LEADER 00000cam a2200000 i 4500
001 1/98231
008 081126s2007 gr | ||| |||| ||gre||
020 |a 9789602118535 
035 |l 10102017 
040 |a GR-MY-UA  |b gre  |e aacr 
041 0 |a gre 
082 7 |a 330.9495   |2 (22) 
100 1 |a Φραγκιάδης, Αλέξης. 
245 1 2 |a Η ελληνική οικονομία 19ος-20ος αιώνας :   |b από τον αγώνα της ανεξαρτησίας στην οικονομική και νομισματική ένωση της Ευρώπης /   |c Αλέξης Φραγκιάδης.  
260 |a Αθήνα :   |b Νεφέλη,   |c 2007 
300 |a 237 σ.;  |b πίν., σχέδια;  |c 24 εκ. 
490 1 |a (Προβλήματα της νεοελληνικής ιστορίας / Νεφέλη) 
504 |a Βιβλιογραφία: σ. [227]-237 
651 0 |a Greece  |x Economic conditions. 
651 0 |a Greece  |x Economic policy. 
830 0 |a Προβλήματα της νεοελληνικής ιστορίας (Νεφέλη) 
852 |a INST  |b CHIOS  |c TSAMOYRGELIS  |e 20190718  |h 330.9495 ΦΡΑ  |p 005200038900  |q 005200038900  |t BK  |y 0 
852 |a INST  |b LESVOS  |e 20081126  |h 330.9495 ΦΡΑ  |p 005100043567  |q 005100043567  |t BK  |y 0 
852 |a INST  |b LESVOS  |e 20100615  |h 330.9495 ΦΡΑ  |p 005100047958  |q 005100047958  |t BK  |y 0 
852 |a INST  |b LESVOS  |c EUDOXUS  |e 20131220  |h 330.9495 ΦΡΑ  |p 005100052742  |q 005100052742  |t EDX  |y 4  |x 20220623 
852 |a INST  |b RHODES  |e 20211101  |h 330.9495 ΦΡΑ  |p 005400042341  |q 005400042341  |t BK  |y 0 
901 |a BIBL1-2008-3 
901 |a BIBL1-2013-3 
920 |a ΕΥΔΟΞΟΣ  |b ΕΠΙΣΤΡΟΦΗ  |y Λέσβος  |z 2013-04 
970 |a ΚΑΡΑ  |b ΓΙΑΣΕΜΗ  |z 2008/11/26